Cómo contar la historia. Estrategias de proximidad en la televisión argentina (Record no. 177731)

MARC details
000 -CABECERA
campo de control de longitud fija 01503nab a2200289 a 4500
005 - FECHA Y HORA DE LA ÚLTIMA TRANSACCIÓN
campo de control 20260223132255.0
008 - ELEMENTOS DE LONGITUD FIJA--INFORMACIÓN GENERAL
campo de control de longitud fija 991125c2014 sp fr p o 000 0 spa d
035 ## - NÚMERO DE CONTROL DEL SISTEMA
Número de control de sistema UPN01000205630
040 ## - FUENTE DE LA CATALOGACIÓN
Centro catalogador/agencia de origen MX-MxUPN
Lengua de catalogación spa
Centro/agencia transcriptor MX-MxUPN
Normas de descripción aacr2
049 ## - COLECCIÓN
Colección ART-E
100 1# - ASIENTO PRINCIPAL--NOMBRE PERSONAL
Nombre de persona Galán Fajardo, Elena
100 1# - ASIENTO PRINCIPAL--NOMBRE PERSONAL
Filiación egalan@hum.uc3m.es
100 1# - ASIENTO PRINCIPAL--NOMBRE PERSONAL
Nombre de persona Rueda Laffond, José Carlos
245 13 - MENCIÓN DE TÍTULO
Título Cómo contar la historia. Estrategias de proximidad en la televisión argentina
506 0# - NOTA DE RESTRICCIONES AL ACCESO
Limitaciones de acceso Acceso abierto
520 3# - NOTA DE RESUMEN, ETC.
Sumario, etc. Es un articulo de investigación se centra en el análisis del formato televisivo "Algo habrán hecho (por la historia argentina)", emitido en Telefe y Canal 13, entre 2005 y 2008. Se considera que la eficacia discursiva de este espacio se relaciona con el uso de distintos recursos que apelan a significaciones de proximidad. Ello se consigue por la interrelación de dispositivos discursivos y una evocación de corte divulgativo, con el fin de hacer accesible a una audiencia popular la historia pública más reciente.
650 #2 - ASIENTO SECUNDARIO DE MATERIA - TERMINO TEMATICO
Término de materia o nombre geográfico como elemento de entrada Identidad
9 (RLIN) 14114
653 0# - TERMINO DE INDIZACION - NO CONTROLADO
Término no controlado Representación histórica
653 0# - TERMINO DE INDIZACION - NO CONTROLADO
Término no controlado Televisión
653 0# - TERMINO DE INDIZACION - NO CONTROLADO
Término no controlado Documentales
773 ## - ENLACE AL DOCUMENTO FUENTE/ENTRADA DE REGISTRO ANFITRIÓN
Parte(s) relacionada(s) Vol. 14, no. 3 (2014), p. 23-47
Título Athenea digital : revista de pensamiento e investigación social
Número Internacional Normalizado para Publicaciones Seriadas 1578-8946
856 4# - LOCALIZACIÓN Y ACCESO ELECTRÓNICOS
Identificador Uniforme del Recurso <a href="https://atheneadigital.net/article/view/v14-n3-galan-rueda">https://atheneadigital.net/article/view/v14-n3-galan-rueda</a>
856 4# - LOCALIZACIÓN Y ACCESO ELECTRÓNICOS
Identificador Uniforme del Recurso <a href="https://doi.org/10.5565/rev/athenea.1244">https://doi.org/10.5565/rev/athenea.1244</a>
902 ## - ELEMENTOS DE DATOS B LOCAL, LDB (RLIN)
Creó Gloria Jiménez/230226
905 ## - TIPO DE MATERIAL
Tipo de material Articulo
942 ## - ELEMENTOS DE PUNTO DE ACCESO ADICIONAL (KOHA)
Tipo de ítem Koha Artículo Electrónico
Holdings
Estado de retiro Estado de pérdida Estado dañado No para préstamo Código de colección Localización permanente Ubicación/localización actual Ubicación en estantería Fecha de adquisición Total de préstamos Fecha visto por última vez Identificador Uniforme del Recurso Precio válido a partir de Tipo de ítem Koha
        Acceso abierto Bib. Gregorio Torres Quintero Bib. Gregorio Torres Quintero En línea 23/02/2026   23/02/2026 https://atheneadigital.net/article/view/v14-n3-galan-rueda 23/02/2026 Artículo Electrónico